| 000 | 01086nam a22002657a 4500 | ||
|---|---|---|---|
| 001 | 3876 | ||
| 003 | FISKH | ||
| 005 | 20240521160738.0 | ||
| 008 | 240520b cb ||||| |||| 00| 0 eng d | ||
| 040 |
_aFISK _beng _cFISK _dFISK |
||
| 050 | _aPZ7.K2518 | ||
| 082 | _a813 | ||
| 100 |
_aKehret Peg _d1936- |
||
| 245 |
_aThe funny face fight / _bCarolyn Keene |
||
| 260 |
_aNew York : _bMinstrel Books, _c1996 |
||
| 300 |
_a72 pages : _billustrations ; _c20 cm |
||
| 490 |
_aNancy drew _v14 number |
||
| 505 | _aK | ||
| 520 | _aA FUNNY FACE IS NO JOKE! The race is on for president of Nancy's class, and three kids are in the running: Vicki Wolf, Jessie Shapiro, and Mike Minelli. But taking sides seems to mean making enemies, and now someone's playing dirty. Who put the silly mustache on the campaign poster? Nancy has to find out before election day because everybody's getting upset . . . and if everybody's mad, nobody wins! | ||
| 521 | 8 |
_a570
_bLexile |
|
| 521 | 8 |
_aK
_bRaz-plus |
|
| 700 | _aCarolyn Keene | ||
| 942 |
_2ddc _cBK _n0 |
||
| 999 |
_c3876 _d3876 |
||